000 00425nam a2200133 a 4500
001 000040446
005 20201002034133.0
008 130826s19uu dr 000 0 spa d
040 _aDO-SdBNP
_bspa
_cBNPHU
100 1 _aCedeño, Víctor Livio
_913939
245 1 3 _aEl monetarismo :
_bverdades y dogmas /
_cVíctor Livio Cedeño.
260 _aSanto Domingo :
_bFundación Dominico-Hispano.,
_c[199?].
300 _a140 p. ;
_c21 cm.
999 _c39936
_d39936